| 000 | 006070000a22001810004500 | ||
|---|---|---|---|
| 090 |
_aAR _b00959 |
||
| 245 | 1 | 0 | _aLinothele cavicola, a new diplurine spider (<Araneae, Dipluridae>) from caves in Ecuador |
| 650 | 1 | 4 |
_aEntomología _94483 |
| 650 | 1 | 4 |
_aBioespeleología _92655 |
| 650 | 1 | 4 |
_aBiología de la especie _993163 |
| 650 | 1 | 4 |
_aNuevas especies _992905 |
| 651 | 4 |
_lCueva de Los Tayos _pEcuador _992749 |
|
| 653 |
_fDipluridae _gLinothele _eLinothele cavicola |
||
| 041 | 0 | _aInglés | |
| 100 | 1 |
_aGoloboff, Pablo A. _994152 |
|
| 942 | _cARTICULO | ||
| 773 | 1 |
_tJournal of Arachnology _3343 _h22 _q70-72 _d1994 |
|
| 999 |
_c10047 _d10047 |
||